| 000 | 00649nam a2200205Ia 4500 | ||
|---|---|---|---|
| 003 | GCL | ||
| 008 | 140319s9999 xx 000 0 ara d | ||
| 040 |
_aGCL / _cGCL |
||
| 082 | 0 | 4 |
_a398.245 _bم ك |
| 100 | 1 | _aابن المقفع : ابومحمد عبدالله | |
| 245 | 1 | 0 |
_aكليلة و دمنة / _cابن المقفع : ابومحمد عبدالله |
| 260 |
_aبيروت : _bالمكتبة الثقافية |
||
| 300 |
_a296 ص ؛ _c24سم |
||
| 490 | _a | ||
| 650 | 0 | 4 | _aالادب العربى |
| 650 | 0 | 4 | _aالبلاغة العربية |
| 650 | 0 | 4 | _aالادب الشعبى |
| 650 | 0 | 4 | _aكليلة ودمنة |
| 942 |
_2ddc _cBK |
||
| 999 |
_c54593 _d54593 |
||